| 000 | 00602nam a2200205Ia 4500 | ||
|---|---|---|---|
| 040 | _cMOA | ||
| 082 | _a631 INT 1985 C144 Or. | ||
| 100 | 1 | _aEllis, R. H | |
| 245 | 1 | 0 | _aHandbook of seed technology for genebanks / |
| 260 |
_aRome : _bInternational Board for Plant Genetic Resources, _c1985 |
||
| 300 |
_a2 v. : _bill. ; _c30 cm |
||
| 490 | 1 | _aHandbook for genebanks ; | |
| 650 | 0 | _aGene banks, Plant | |
| 650 | 0 | _aGermplasm resources, Plant | |
| 650 | 0 | _aSeeds | |
| 700 | 1 | 0 | _aHong, T. D |
| 700 | 1 | 0 | _aRoberts, E. H. |
| 710 | 2 | 0 | _aInternational Board for Plant Genetic Resources |
| 942 | _cAEDBB | ||
| 999 |
_c18412 _d18412 |
||